1208 1594 1362 1441 1124 1486 1838 1100 1314 1377 1856 1820 1291 1438 1839 1556 1484 1498 1116 1647 1639 1886 1676 1017 1106 1496 1925 1942 1334 1745 1503 1218 1451 1834 1655 1807 1614 1770 1679 1280 1183 1747 1091 1322 1066 1598 1368 1557 1533 1386 1872 1482 1886 1776 1039 1349 1831 1329 1784 1348 1719 1421 1762 1907 1369 1482 1485 1726 1215 1935 1557 1477 1379 1310 1458 1013 1604 1265 1412 1660 1465 1021 1106 1321 1249 1577 1539 1194 1861 1081 1162 1497 1530 1132 1935 1724 1935 1349 1493 BCNSPRNW ULIB Ver.6.0+V

เปลี่ยนเป็นภาษาไทย

Change to English
 แสดงรายละเอียดบรรณานุกรม
  กลับหน้าหลัก

Brief Record : Get Marc (ISO 2709) : E-mail record : QR code < ปิดหน้าต่าง
LEADER : 00000nam 2200000uu 4500
001    13399120267
003     ULIB
008    020711s2549 th a 000 0 tha d
020    9789748321950
050    QV55 ก581ค
100    กำพล ศรีวัฒนกุล
245    คู่มือ การใช้ยาฉบับสมบูรณ์/^cกำพล ศรีวัฒนกุล
250    พิมพ์ครั้งที่ 5
260    กรุงเทพฯ :^bสกายบุ๊กส์ จำกัด,^c2549
300    700 หน้า
650    ยา^xการใช้ยา
945    ^p480^l0^i14127
999    ^aทศพร เกษรทอง
รายการนี้ยังไม่มีแท็ก
คุณยังไม่ได้ล็อกอิน คุณสามารถมีกิจกรรมร่วมกับเว็บไซต์ได้ แต่ต้องล็อกอินก่อน ::
  ล็อกอิน

รายการสื่อสารสนเทศ

ลำดับที่ ประเภท เลขเรียก/บาร์โค้ด สถานที่ สถานะ
1. วิทยาศาสตร์การแพทย์ และสุขภาพ
วิทยาศาสตร์การแพทย์ และสุขภาพ
QV55 ก581ค  
  Barcode: 14127
ห้องสมุดวิทยาเขตสวรรค์ประชารักษ์
►หนังสือทั่วไป
บนชั้น

รายการใกล้เคียง
    ผู้แต่ง [กำพล ศรีวัฒนกุล]

BibComment


ยังไม่เคยถูกคอมเมนท์

คอมเมนท์ทรัพยากรรายการนี้
  คอมเมนท์: คู่มือ การใช้ยาฉบ..


 Copyright 2026. Bcnsprnw @Library